Представление документа в формате MARC21

Поле Инд. ПП Название Значение
Тип записи a
Библиографический уровень b
001 Контрольный номер RU/IS/BASE/231937103
005 Дата корректировки 20240801134209.0
008 Кодируемые данные 20070508
040 b Код языка каталог. rus
e Правила каталог. PSBO
041 0_ a Код языка текста rus
084 a Индекс другой классификации/Индекс ББК 87.3(4Фра)6; 83.3(2=41.2)6-004
100 1_ a Автор Баршт К. А.
245 10 a Заглавие Истина в круглом и жидком виде. Анри Бергсон в "Котловане" Андрея Платонова
504 a Библиография Библиогр. - Примеч.: с. 155 - 157
600 14 a Персоналии Платонов Андрей Платонович
a Персоналии Бергсон Анри
650 04 a Основная рубрика история литературы
a Основная рубрика история философии
a Основная рубрика литературоведение
a Основная рубрика филологические науки
a Основная рубрика философия
653 0_ a Ключевые слова "Котлован"
a Ключевые слова "Материя и память"
a Ключевые слова "Творческая эволюция"
a Ключевые слова XIX век
a Ключевые слова XX век
a Ключевые слова духовное
a Ключевые слова интеллект
a Ключевые слова интуиция
a Ключевые слова истина
a Ключевые слова литература
a Ключевые слова проза
a Ключевые слова романы
a Ключевые слова Россия
a Ключевые слова сознание
a Ключевые слова творческая деятельность
a Ключевые слова телесное
a Ключевые слова философия литературы
a Ключевые слова философская антропология (философия человека)
a Ключевые слова Франция
773 0_ t Заглавие источника Вопросы философии
d Дата издания источника 2007
g Прочая информация № 4. - С. 144 - 157
w Контрольный № источника RU/IS/BASE/230823453
901 t Тип документа b